000 00284nam a2200109Ia 4500
008 200302s9999 xx 000 0 und d
100 _aCaroline Astrid Bruzelius
245 _aThe 13th Century Church at St- Denis
260 _bYale University Press
260 _c1985
300 _a223 P.,
999 _c2300
_d2300